000 00287nam a22001217a 4500
008 181029b xxu||||| |||| 00| 0 eng d
041 _aeng
080 _a541
100 _a12
101 _aKIM
245 _aMicroscale And Miniscle Organic Chemistry
_cAllen.M.SCH
942 _2udc
_cBK
999 _c51004
_d51004